书目信息 |
| 题名: |
走向成功
|
|
| 作者: | 唐代兴 , 张振华 著 | |
| 分册: | ||
| 出版信息: | 北京 中国国际广播出版社 2003.10 |
|
| 页数: | 299页 | |
| 开本: | 20cm | |
| 丛书名: | 健康心理自助丛书 | |
| 单 册: | ||
| 中图分类: | B848.4-49 | |
| 科图分类: | ||
| 主题词: | 成功心理学--通俗读物 | |
| 电子资源: | ||
| ISBN: | 7-5078-2256-7 | |
| 000 | 01163nam 2200289 450 | |
| 001 | 0151104027 | |
| 005 | 20050925172343.21 | |
| 010 | @a7-5078-2256-7@dCNY18.00 | |
| 100 | @a20050313d2003 km y0chiy0120 ea | |
| 101 | 0 | @achi |
| 102 | @aCN@b110000 | |
| 105 | @ay a 000yy | |
| 200 | 1 | @a走向成功@Azou xiang cheng gong@e超越人生极限的力量和方法@f唐代兴, 张振华著@Ftang dai xing,zhang zhen hua zhu |
| 210 | @a北京@c中国国际广播出版社@d2003.10 | |
| 215 | @a299页@d20cm | |
| 225 | 2 | @a健康心理自助丛书 |
| 320 | @a有书目 (299页)。 | |
| 330 | @a本书以开发人的创造力为主题,阐述了超越人生极限的力量和方法,如:发现人生的“金矿”,超越人性的弱点,用意志超越意志的极限,在升腾的想象中超越想象,热情铸造天才、天才创造世界,用力量创造超越的力量,在行动中超越行动的极限。 | |
| 333 | @a青少年,大中专学生,生理学研究工作者 | |
| 410 | 0 | @12001 @a健康心理自助丛书 |
| 517 | 1 | @a超越人生极限的力量和方法@Achao yue ren sheng ji xian de li liang he fang fa |
| 606 | 0 | @a成功心理学@j通俗读物 |
| 690 | @aB848.4-49@v4 | |
| 701 | 0 | @a唐代兴@Atang dai xing@4著 |
| 701 | 0 | @a张振华@Azhang zhen hua@4著 |
| 801 | 0 | @aCN@bQSSK@c20050925 |
| 905 | @a10447@dB848.4-49@eT237 | |
| 走向成功:超越人生极限的力量和方法/唐代兴, 张振华著.-北京:中国国际广播出版社,2003.10 |
| 299页;20cm.-(健康心理自助丛书) |
| 使用对象:青少年,大中专学生,生理学研究工作者 |
| ISBN 7-5078-2256-7:CNY18.00 |
| 本书以开发人的创造力为主题,阐述了超越人生极限的力量和方法,如:发现人生的“金矿”,超越人性的弱点,用意志超越意志的极限,在升腾的想象中超越想象,热情铸造天才、天才创造世界,用力量创造超越的力量,在行动中超越行动的极限。 |
| ● |
| 相关链接 |
|
|
|
正题名:走向成功
索取号:B848.4-49/T237
 
预约/预借
| 序号 | 登录号 | 条形码 | 馆藏地/架位号 | 状态 | 备注 |
| 1 | 571945 | 205719454 | 社科库509/509社科库 52排3列2层/ [索取号:B848.4-49/T237] | 在馆 | |
| 2 | 571946 | 205719463 | 社科库509/509社科库 52排3列2层/ [索取号:B848.4-49/T237] | 在馆 | |
| 3 | 571947 | 205719472 | 社科库509/509社科库 52排3列2层/ [索取号:B848.4-49/T237] | 在馆 |